| 000 | 00764nam a2200253 a 4500 | ||
|---|---|---|---|
| 001 | 55030 | ||
| 003 | BD-RjUL | ||
| 005 | 20211209080215.0 | ||
| 008 | 161113s1963 enk||||| |||| 00| 0 eng d | ||
| 035 | _a(BD-RjUL)55152 | ||
| 040 |
_aBD-RjUL _beng _cBD-RjUL |
||
| 041 | _aeng | ||
| 082 |
_223 _a658 _bNEA 1963 |
||
| 100 | 1 |
_aNewman, William Herman _9164060 |
|
| 245 | 1 | 0 |
_aAdministrative action : _bthe techniques of organization and management / _cWilliam Herman Newman |
| 250 | _a2nd ed. | ||
| 260 |
_aEnglewood Cliffs, N.J. : _bPrentice-Hall, _c1963 |
||
| 300 |
_aix, 486 p. : _bill. ; _c22 cm |
||
| 500 | _aIncludes Index | ||
| 650 |
_aManagement. _9164061 |
||
| 650 |
_aOrganization _9164062 |
||
| 650 |
_aIndustrial management _9164063 |
||
| 942 |
_2ddc _cBK |
||
| 999 |
_c55030 _d55030 |
||